Statistics for American Dad Quiz #2

Click here to take the quiz!

General Stats

  • This quiz has been taken 1,182 times
    (1,180 since last reset)
  • The average score is 12 of 23

Answer Stats

HintAnswer% Correct
What is the Dad's NameStan
99%
What is the Mom's NameFrancine
95%
What is the Son's NameSteve
95%
True or False. Ricky Spanish is a persona played by the AlienTrue
82%
True or False. Ricky Spanish is loved by the people in the townFalse
80%
What is the name of the Daughter's boyfriend, who becomes her husbandJeff Fischer
74%
What is the Daughter's NameHaley
69%
On what holiday does the Dad find out his brother is richer than himThanksgiving
65%
What does the Alien collect and wearWigs
65%
What drug does the Dad's boss love secretlyCocaine
64%
Greg and Terry, their neighbor's, job is...News Anchor
61%
What is the name of the Dad's bossDeputy Director Avery Bullock
54%
Where does the Smith family liveLangley Falls
51%
The Dad secretly ___________ every winterFigure skates
50%
What happens to the Alien when he is very nice. He starts...Dying
46%
What does the Dad not want the Mom to ever sayI told you so!
45%
The Dad's favorite president idol is...Ronald Reagan
34%
What is the name of the Dad's boss's son's nameA.J.
17%
Who is the most popular girl in the High SchoolLisa Silver
15%
What is the name of the Dad's boss's old #1Jackson
11%
What is the name of the high school the Son goes toPearl Baily High School
6%
What address does the Smith family live43 Cherry Street
2%
The Dad's favorite other idol is...1980 Olympic Ice Hockey Team
1%

Score Distribution

Percentile by Number Answered

Percent of People with Each Score

Your Score History

You have not taken this quiz since the last reset